Michel-Handbuch-Katalog "Pfennige" (Record no. 1800)

000 -LEADER
fixed length control field 00468nam a22001217a 4500
008 - FIXED-LENGTH DATA ELEMENTS--GENERAL INFORMATION
fixed length control field 160222b xxu||||| |||| 00| 0 eng d
100 ## - MAIN ENTRY--AUTHOR'S NAME
Author's Name Salm, Karl
245 ## - TITLE STATEMENT
Title Michel-Handbuch-Katalog "Pfennige"
260 ## - PUBLICATION, DISTRIBUTION, ETC. (IMPRINT)
Place of publication, distribution, etc. Munich, Germany
Name of publisher, distributor, etc. Schwaneberger Verlag
Date of publication, distribution, etc. 1977
650 ## - TOPICAL TERM (Tag)
Topical term or geographic name Germany | 1875-1877 | Definitive Issues | 19th Century | Production | Errors and Varieties | Color | Collecting -- Guides and Handbooks
700 ## - SECONDARY AUTHOR, EDITOR OR ILLUSTRATOR
Personal Name Zenker, Gotwin
700 ## - SECONDARY AUTHOR, EDITOR OR ILLUSTRATOR
Personal Name Huene, Erik Freiherr von
Holdings
Withdrawn status Lost status Source of classification or shelving scheme Damaged status Koha normalized classification for sorting Not for loan Permanent Location Current Location Date acquired Total Checkouts Full call number Barcode Date last seen Copy number Price effective from
        G6081 D313 S171   Northern Philatelic Library Northern Philatelic Library 02/22/2016   G6081 .D313 S171 1002126 02/22/2016 1 02/22/2016

Powered by Koha